<?xml version="1.0" encoding="UTF-8"?>
<record
    xmlns:xsi="http://www.w3.org/2001/XMLSchema-instance"
    xsi:schemaLocation="http://www.loc.gov/MARC21/slim http://www.loc.gov/standards/marcxml/schema/MARC21slim.xsd"
    xmlns="http://www.loc.gov/MARC21/slim">

  <leader>04002cam a2200433 i 4500</leader>
  <controlfield tag="001">23677163</controlfield>
  <controlfield tag="005">20250523064210.0</controlfield>
  <controlfield tag="008">240506t20202020enka          000 j kor d</controlfield>
  <datafield tag="010" ind1=" " ind2=" ">
    <subfield code="a">  2024404134</subfield>
  </datafield>
  <datafield tag="015" ind1=" " ind2=" ">
    <subfield code="a">GBC051680</subfield>
    <subfield code="2">bnb</subfield>
  </datafield>
  <datafield tag="020" ind1=" " ind2=" ">
    <subfield code="a">9781529303056</subfield>
  </datafield>
  <datafield tag="035" ind1=" " ind2=" ">
    <subfield code="a">(OCoLC)on1090851331</subfield>
  </datafield>
  <datafield tag="040" ind1=" " ind2=" ">
    <subfield code="a">YDX</subfield>
    <subfield code="b">eng</subfield>
    <subfield code="e">rda</subfield>
    <subfield code="c">YDX</subfield>
    <subfield code="d">NZLEP</subfield>
    <subfield code="d">GK8</subfield>
    <subfield code="d">OCLCQ</subfield>
    <subfield code="d">OCLCF</subfield>
    <subfield code="d">UKMGB</subfield>
    <subfield code="d">OCLCO</subfield>
    <subfield code="d">OCL</subfield>
    <subfield code="d">WIM</subfield>
    <subfield code="d">UAP</subfield>
    <subfield code="d">JTH</subfield>
    <subfield code="d">OCL</subfield>
    <subfield code="d">OCLCO</subfield>
    <subfield code="d">FXN</subfield>
    <subfield code="d">OCLCO</subfield>
    <subfield code="d">BKL</subfield>
    <subfield code="d">OCLCQ</subfield>
    <subfield code="d">OCLCO</subfield>
    <subfield code="d">EAU</subfield>
    <subfield code="d">OCL</subfield>
    <subfield code="d">OCLCO</subfield>
    <subfield code="d">OCLCL</subfield>
    <subfield code="d">DLC</subfield>
  </datafield>
  <datafield tag="041" ind1="0" ind2=" ">
    <subfield code="a">kor</subfield>
    <subfield code="a">eng</subfield>
  </datafield>
  <datafield tag="042" ind1=" " ind2=" ">
    <subfield code="a">lccopycat</subfield>
  </datafield>
  <datafield tag="050" ind1="0" ind2="0">
    <subfield code="a">PL913.65</subfield>
    <subfield code="b">.R53 2020</subfield>
  </datafield>
  <datafield tag="100" ind1=" " ind2=" ">
    <subfield code="a">Richards, Olly</subfield>
    <subfield code="e">author</subfield>
    <subfield code="9">12403</subfield>
  </datafield>
  <datafield tag="245" ind1="1" ind2="0">
    <subfield code="a">Short stories in Korean for intermediate learners</subfield>
    <subfield code="b">: read for pleasure at your level and learn Korean the fun way!</subfield>
    <subfield code="c">/ Olly Richards ; series editor Rebecca Moeller ; development editor Hyojin An.</subfield>
  </datafield>
  <datafield tag="260" ind1=" " ind2=" ">
    <subfield code="a">London :</subfield>
    <subfield code="b">John Murray Learning,</subfield>
    <subfield code="c">2020.</subfield>
  </datafield>
  <datafield tag="300" ind1=" " ind2=" ">
    <subfield code="a">xviii, 220 pages :</subfield>
    <subfield code="b">illustrations ;</subfield>
    <subfield code="c">20 cm</subfield>
  </datafield>
  <datafield tag="490" ind1=" " ind2=" ">
    <subfield code="a">Foreign language graded reader series</subfield>
  </datafield>
  <datafield tag="490" ind1=" " ind2=" ">
    <subfield code="a">Teach yourself</subfield>
  </datafield>
  <datafield tag="505" ind1=" " ind2=" ">
    <subfield code="a">Mapped to B1-B2 on the Common European Framework of Reference &#x2014; A glossary for bolded words in each text &#x2014; A bilingual word list &#x2014; Full plot summary &#x2014; Comprehension questions after each chapter.</subfield>
  </datafield>
  <datafield tag="520" ind1=" " ind2=" ">
    <subfield code="a">Olly's top-notch language-learning insights are right in line with the best of what we know from neuroscience and cognitive psychology about how to learn effectively. I love his work - and you will too! - Barbara Oakley, PhD, Author of New York Times bestseller A Mind for Numbers Short Stories in Korean for Intermediate Learners has been written especially for students from low-intermediate to intermediate level, designed to give a sense of achievement, a feeling of progress and most importantly - enjoyment! Mapped to B1 on the Common European Framework of Reference, these eight captivating stories are designed to give you a sense of achievement and a feeling of progress when reading. What does this book give you? - Eight stories in a variety of exciting genres, from science fiction and crime to history and thriller - making reading fun, while you learn a wide range of new vocabulary -Controlled language at your level, including the 1000 most frequent words, to help you progress confidently -Authentic spoken dialogues, to help you learn conversational expressions and improve your speaking ability -Pleasure! It's much easier to learn a new language when you're having fun, and research shows that if you're enjoying reading in a foreign language, you won't experience the usual feelings of frustration - 'It's too hard!' 'I don't understand!' -Accessible grammar so you learn new structures naturally, in a stress-free way Carefully curated to make learning a new language easy, these stories include key features that will support and consolidate your progress, including -A glossary for bolded words in each text -Full plot summary -A bilingual word list -Comprehension questions after each chapter. As a result, you will be able to focus on enjoying reading, delighting in your improved range of vocabulary and grasp of the language, without ever feeling overwhelmed or frustrated. From science fiction to fantasy, to crime and thrillers, Short Stories in Korean for Intermediate Learners will make learning Korean easy and enjoyable.</subfield>
  </datafield>
  <datafield tag="521" ind1=" " ind2=" ">
    <subfield code="a">For low-intermediate to intermediate language learners.</subfield>
  </datafield>
  <datafield tag="650" ind1=" " ind2="0">
    <subfield code="a">Korean language</subfield>
    <subfield code="v">Readers</subfield>
    <subfield code="9">25319</subfield>
  </datafield>
  <datafield tag="650" ind1=" " ind2="0">
    <subfield code="a">Short stories, Korean</subfield>
    <subfield code="v">Translations into English</subfield>
    <subfield code="9">25320</subfield>
  </datafield>
  <datafield tag="650" ind1=" " ind2="0">
    <subfield code="a">Short stories, Korean</subfield>
    <subfield code="9">25321</subfield>
  </datafield>
  <datafield tag="650" ind1=" " ind2="0">
    <subfield code="a">Korean language</subfield>
    <subfield code="v">Self-instruction</subfield>
    <subfield code="9">25322</subfield>
  </datafield>
  <datafield tag="650" ind1=" " ind2="0">
    <subfield code="a">Korean language</subfield>
    <subfield code="x">Study and teaching</subfield>
    <subfield code="x">Foreign speakers</subfield>
    <subfield code="9">25323</subfield>
  </datafield>
  <datafield tag="650" ind1=" " ind2="0">
    <subfield code="a">Readers (Adult)</subfield>
    <subfield code="9">25300</subfield>
  </datafield>
  <datafield tag="655" ind1=" " ind2="0">
    <subfield code="a">Short stories</subfield>
    <subfield code="9">22375</subfield>
  </datafield>
  <datafield tag="655" ind1=" " ind2="0">
    <subfield code="a">Readers (Publications)</subfield>
    <subfield code="9">25108</subfield>
  </datafield>
  <datafield tag="655" ind1=" " ind2="0">
    <subfield code="a">Self-instructional works</subfield>
    <subfield code="9">25331</subfield>
  </datafield>
  <datafield tag="655" ind1=" " ind2="0">
    <subfield code="a">Instructional and educational works</subfield>
    <subfield code="9">23270</subfield>
  </datafield>
  <datafield tag="700" ind1=" " ind2=" ">
    <subfield code="a">Moeller, Rebecca Klevberg</subfield>
    <subfield code="e">editor</subfield>
    <subfield code="9">25299</subfield>
  </datafield>
  <datafield tag="700" ind1=" " ind2=" ">
    <subfield code="a">An, Hyojin</subfield>
    <subfield code="e">editor</subfield>
    <subfield code="9">25324</subfield>
  </datafield>
  <datafield tag="942" ind1=" " ind2=" ">
    <subfield code="2">lcc</subfield>
  </datafield>
  <datafield tag="952" ind1=" " ind2=" ">
    <subfield code="0">0</subfield>
    <subfield code="1">0</subfield>
    <subfield code="2">lcc</subfield>
    <subfield code="4">0</subfield>
    <subfield code="7">0</subfield>
    <subfield code="a">TBS</subfield>
    <subfield code="b">TBS</subfield>
    <subfield code="d">2025-05-22</subfield>
    <subfield code="l">0</subfield>
    <subfield code="o">READER-KR RIC</subfield>
    <subfield code="p">B05866</subfield>
    <subfield code="r">2025-05-22</subfield>
    <subfield code="t">1</subfield>
    <subfield code="w">2025-05-22</subfield>
    <subfield code="y">KOREAN</subfield>
  </datafield>
  <datafield tag="999" ind1=" " ind2=" ">
    <subfield code="c">4698</subfield>
    <subfield code="d">4698</subfield>
  </datafield>
</record>
